[Event "Druzynowe Mistrzostwa Polski Kobiet w Szachach Blyskawicznych"]
[Site "Piotrkow Trybunalski"]
[Date "1899-12-30"]
[Round "9.1"]
[White "Majdan, Joanna"]
[Black "Szczepkowska, Karina"]
[Result "0-1"]
[WhiteTitle "WGM"]
[BlackTitle "IM"]
[WhiteElo "2321"]
[BlackElo "2314"]

1. Nf3 Nf6 2. g3 d6 3. Bg2 e5 4. d3 Be7 5. O-O O-O 6. c4 c6 7. Nc3 h6 8. Rb1 Be6
9. b4 Qd7 10. b5 Bh3 11. a4 Bxg2 12. Kxg2 Bd8 13. Ba3 c5 14. Nd2 Ba5 15. Bb2 Bxc3
16. Bxc3 Qe7 17. e3 Nbd7 18. Qf3 Rab8 19. a5 Rfe8 20. Rbd1 Nf8 21. Ne4 Nxe4 22.
dxe4 Ne6 23. h4 f6 24. Rd3 Nd8 25. Rfd1 Nf7 26. Qf5 Qe6 27. g4 Qxc4 28. b6 axb6
29. axb6 Qe6 30. Qf3 Ra8 31. Qe2 Ra6 32. Rb1 Rea8 33. Rd2 Ra3 34. Rc2 Ra2 35.
Rxa2 Rxa2 36. Rb2 Rxb2 37. Bxb2 Nd8 38. f4 Nc6 39. f5 Qb3 40. Qd2 Nb4 41. Bc3
Qc4 42. Bxb4 Qxe4+ 43. Kg3 cxb4 44. Qxd6 Qxe3+ 45. Kg2 Qe4+ 46. Kg3 Qf4+ 47. Kh3
Qf3+ 48. Kh2 Qxg4 49. Qb8+ Kh7 50. Qxb7 Qxh4+ 51. Kg2 Qg4+ 52. Kh2 Qf4+ 53. Kg2
Qd2+ 54. Kh3 Qd3+ 55. Kh2 Qe2+ 56. Kg3 Qe3+ 57. Kg2 b3 58. Qf7 Qe4+ 59. Kg3 Qf4+
60. Kg2 Qg4+ 61. Kh2 b2 62. Qb3 Qf4+ 63. Kg2 Qe4+ 64. Kg3 b1=Q 0-1

[Event "Druzynowe Mistrzostwa Polski Kobiet w Szachach Blyskawicznych"]
[Site "Piotrkow Trybunalski"]
[Date "1899-12-30"]
[Round "9.2"]
[White "Cieslak, Wiktoria"]
[Black "Przezdziecka, Ewa"]
[Result "1-0"]
[WhiteTitle "k++"]
[BlackTitle "WFM"]
[WhiteElo "1876"]
[BlackElo "2047"]

1. e4 c5 2. Nf3 Nc6 3. d4 cxd4 4. Nxd4 Nf6 5. Nxc6 bxc6 6. Nc3 d6 7. Bc4 e5 8.
O-O Be7 9. h3 O-O 10. Be3 Qc7 11. Qe2 Rb8 12. Bb3 Be6 13. Kh1 d5 14. exd5 cxd5
15. Bg5 Rfd8 16. Rad1 d4 17. Bxf6 Bxf6 18. Ne4 Bxb3 19. axb3 Be7 20. Rfe1 Rbc8
21. c3 dxc3 22. bxc3 Qb6 23. b4 g6 24. Rxd8+ Rxd8 25. Ng3 Bd6 26. Rd1 Kg7 27.
Qf3 f6 28. Ne4 Be7 29. Rxd8 Qxd8 30. Qe2 Qd5 31. c4 Qd4 32. b5 f5 33. Nd2 Bc5
34. Nb3 Qxf2 35. Qxe5+ Kh6 36. Nxc5 Qf1+ 37. Kh2 Qxc4 38. Ne6 Kh5 39. g4+ Kh4
40. Qf6+ 1-0

[Event "Druzynowe Mistrzostwa Polski Kobiet w Szachach Blyskawicznych"]
[Site "Piotrkow Trybunalski"]
[Date "1899-12-30"]
[Round "9.3"]
[White "Korosciel, Aneta"]
[Black "Kucharska, Honorata"]
[Result "1-0"]
[WhiteTitle "m"]
[BlackTitle "WFM"]
[WhiteElo "1944"]
[BlackElo "1799"]

1. e4 e6 2. d3 d5 3. Nd2 c5 4. Ngf3 Nc6 5. g3 Be7 6. Bg2 Nf6 7. O-O O-O 8. e5 Nd7
9. Re1 b5 10. Nf1 Bb7 11. h4 a5 12. Bf4 c4 13. N1h2 cxd3 14. cxd3 Rc8 15. a3 a4
16. h5 Na5 17. Rc1 Rxc1 18. Qxc1 Nb3 19. Qd1 b4 20. axb4 Bxb4 21. Re2 Ba6 22.
Rc2 Ndc5 23. Bf1 d4 24. Ng4 Qd5 25. h6 Nd7 26. hxg7 Rd8 27. Rc7 Be7 28. Bg5 Bxg5
29. Nxg5 Bb7 30. f3 Nbc5 31. Bg2 Qa2 32. Qd2 a3 33. Qa5 axb2 34. Qxa2 Nxd3 35.
Rxd7 Rxd7 36. Nf6+ Kxg7 37. Nxd7 Bd5 38. Qb1 Bc4 39. Bf1 1-0

[Event "Druzynowe Mistrzostwa Polski Kobiet w Szachach Blyskawicznych"]
[Site "Piotrkow Trybunalski"]
[Date "1899-12-30"]
[Round "9.4"]
[White "Wolniaczyk, Daria"]
[Black "Smarsz, Agata"]
[Result "0-1"]
[WhiteTitle "I"]
[BlackTitle "m"]
[WhiteElo "1629"]
[BlackElo "2094"]

1. e4 c5 2. Nf3 d6 3. d4 cxd4 4. Nxd4 Nf6 5. Nc3 a6 6. Be3 e6 7. Be2 Be7 8. O-O
O-O 9. Qd2 b5 10. a3 Bb7 11. f3 Nbd7 12. Kh1 Rc8 13. Rac1 Ne5 14. Bf4 Nc4 15.
Bxc4 Rxc4 16. Be3 Qc7 17. Rfd1 Rc8 18. Nde2 Qb8 19. Bf4 e5 20. Be3 Ba8 21. b3
R4c6 22. Nd5 Nxd5 23. exd5 R6c7 24. c3 Bf8 25. Qd3 Re8 26. Ng3 Qc8 27. Bb6 Rd7
28. Be3 g6 29. Ra1 f5 30. Ne2 Rde7 31. Bg5 Rf7 32. a4 Qb7 33. axb5 axb5 34. b4
h6 35. Be3 Qb8 36. Ra3 Bb7 37. Rda1 Bc8 38. Ba7 Qb7 39. Be3 Qe7 40. Qd2 f4 41.
Bb6 Bf5 42. Bf2 Qf6 43. Bb6 g5 44. Ra7 Ree7 45. Rxe7 Qxe7 46. Ra7 Qf6 47. Rxf7
Qxf7 48. Qa2 Bd3 49. Nc1 Bc4 50. Qa7 Qxd5 51. Bg1 Qf7 52. Qb8 Kg7 53. h3 Be7 54.
Qb6 Bf8 55. Qc6 Qe6 56. Bf2 Kg6 57. Kh2 Bf1 58. Qe4+ Qf5 59. Qe1 Bc4 60. Ne2 h5
61. Qd2 Qe6 62. Nc1 g4 63. hxg4 hxg4 64. Qc2+ Qf5 65. Qd2 g3+ 66. Bxg3 fxg3+ 67.
Kxg3 Qf4+ 68. Qxf4 exf4+ 69. Kxf4 Bh6+ 70. Ke4 Bxc1 71. Kd4 Bf4 72. Ke4 Kg5 73.
Kd4 Be5+ 74. Ke4 Kh4 75. g4 Kg5 76. Ke3 Bf4+ 77. Ke4 Bd2 78. f4+ Bxf4 79. Kf3
Bd2 80. Ke4 d5+ 81. Ke5 Bxc3+ 0-1

[Event "Druzynowe Mistrzostwa Polski Kobiet w Szachach Blyskawicznych"]
[Site "Piotrkow Trybunalski"]
[Date "1899-12-30"]
[Round "9.5"]
[White "Mikulewicz, Joanna"]
[Black "Guzik, Natalia"]
[Result "0-1"]
[WhiteTitle "WFM"]
[BlackTitle "I++"]
[WhiteElo "1964"]
[BlackElo "1656"]

1. e4 c5 2. Nf3 Nc6 3. d4 cxd4 4. Nxd4 g6 5. Be3 Bg7 6. Nc3 Nf6 7. f3 O-O 8. Qd2
d5 9. exd5 Nb4 10. O-O-O Nbxd5 11. Nxd5 Nxd5 12. Bh6 Bxh6 13. Qxh6 Qa5 14. Kb1
Rd8 15. Be2 Qb6 16. Nb3 Be6 17. h4 Ne3 18. Rxd8+ Rxd8 19. g4 Bxb3 20. axb3 Rd2
21. Bd3 Qc5 22. Rc1 Rh2 23. h5 Nd5 24. Qg5 Nc3+ 25. bxc3 Qxg5 26. hxg6 hxg6 27.
Be4 Qb5 28. Kb2 Re2 29. Rd1 Re3 30. Rd8+ Kg7 31. Rb8 Qe5 32. Bd3 Qxb8 33. c4 Qe5+
34. Ka3 Rxd3 35. cxd3 Qd4 36. Kb4 Qxd3 37. c5 Qd4+ 38. Kb5 a6+ 39. Kb6 Qb4+ 40.
Kc7 Qxc5+ 41. Kxb7 Qd5+ 42. Kxa6 Qxb3 43. f4 Qc4+ 44. Kb6 Qxf4 0-1

[Event "Druzynowe Mistrzostwa Polski Kobiet w Szachach Blyskawicznych"]
[Site "Piotrkow Trybunalski"]
[Date "1899-12-30"]
[Round "9.6"]
[White "Bakalarczyk, Zuzanna"]
[Black "Leks, Hanna"]
[Result "0-1"]
[WhiteTitle "I"]
[BlackTitle "WIM"]
[WhiteElo "1298"]
[BlackElo "2189"]

1. e4 c5 2. Nf3 d6 3. d4 cxd4 4. Nxd4 Nf6 5. Nc3 Nc6 6. Be3 e5 7. Nb3 Be7 8. Be2
O-O 9. O-O a5 10. Qd2 a4 11. Nc1 a3 12. bxa3 Rxa3 13. Nb3 Be6 14. f3 d5 15. exd5
Nxd5 16. Nxd5 Bxd5 17. c4 Be6 18. Qb2 Qa8 19. c5 Bf6 20. Bc1 Ra4 21. Be3 e4 22.
Qc2 Bxa1 23. Rxa1 Nb4 24. Qd2 Bxb3 25. axb3 Rxa1+ 26. Kf2 Nd3+ 27. Kg3 Qb8+ 28.
f4 Rd8 29. Qc3 Ra6 30. b4 Rg6+ 31. Kh4 Nxf4 32. Bf1 Nxg2+ 33. Bxg2 Qxh2+ 34. Bh3
Qg3+ 35. Kh5 Qxh3# 0-1

[Event "Druzynowe Mistrzostwa Polski Kobiet w Szachach Blyskawicznych"]
[Site "Piotrkow Trybunalski"]
[Date "1899-12-30"]
[Round "10.1"]
[White "Smarsz, Agata"]
[Black "Majdan, Joanna"]
[Result "1/2-1/2"]
[WhiteTitle "m"]
[BlackTitle "WGM"]
[WhiteElo "2094"]
[BlackElo "2321"]

1. e4 c5 2. Nf3 d6 3. d4 cxd4 4. Nxd4 Nf6 5. Nc3 g6 6. Be3 Bg7 7. f3 O-O 8. Be2
Nc6 9. O-O d5 10. Nxc6 bxc6 11. e5 Nd7 12. f4 f6 13. exf6 Nxf6 14. Kh1 Qa5 15.
Bd4 Rb8 16. Be5 Rb7 17. a3 Bf5 18. b4 Qd8 19. Ba6 Rd7 20. Qe2 Ng4 21. Bxg7 Kxg7
22. Bd3 h5 23. h3 Nh6 24. Qe5+ Kh7 25. Ne2 d4 26. Ng3 h4 27. Nxf5 Nxf5 28. Bxf5
Rxf5 29. Qe1 Kg7 30. Qxh4 Rd6 31. g4 Rf8 32. Rae1 Rdf6 33. g5 Qd5+ 34. Kh2 Re6
35. Qh6+ Kf7 36. f5 Qd6+ 37. Kh1 Rxe1 38. fxg6+ Ke6 39. Rxe1+ Kd7 40. Qxf8 Qd5+
41. Kh2 Qd6+ 42. Kh1 Qd5+ 43. Kh2 Qd6+ 44. Kh1 Qd5+ 45. Kg1 Qxg5+ 46. Kf1 1/2-1/2

[Event "Druzynowe Mistrzostwa Polski Kobiet w Szachach Blyskawicznych"]
[Site "Piotrkow Trybunalski"]
[Date "1899-12-30"]
[Round "10.2"]
[White "Przezdziecka, Ewa"]
[Black "Mikulewicz, Joanna"]
[Result "1/2-1/2"]
[WhiteTitle "WFM"]
[BlackTitle "WFM"]
[WhiteElo "2047"]
[BlackElo "1964"]

1. d4 Nf6 2. Nf3 d5 3. Bg5 Nbd7 4. e3 h6 5. Bh4 b6 6. Bb5 Bb7 7. Ne5 g5 8. Bg3
a6 9. Bxd7+ Nxd7 10. Qh5 Nxe5 11. Bxe5 Rg8 12. Nd2 Qd7 13. O-O-O c5 14. Nf3 c4
15. Bg3 Bg7 16. Ne5 Qf5 17. h4 Bxe5 18. Bxe5 Qg6 19. hxg5 hxg5 20. Qxg6 Rxg6 21.
Rh7 f6 22. Bc7 b5 23. Rdh1 Kd7 24. Bb6 Re8 25. Bc5 g4 26. Kd2 g3 27. f3 f5 28.
Ke2 Re6 29. f4 Kc8 30. R1h3 Rg6 31. Kf3 e6 32. Rxg3 Reg8 33. Rxg6 Rxg6 34. Bd6
Ba8 35. Rh8+ Kb7 36. Rh7+ Kc6 37. Be5 Kb6 38. Rd7 Bc6 39. Rh7 a5 40. Rh4 b4 41.
Rh7 a4 42. Bc7+ Kb5 43. Bd8 b3 44. axb3 cxb3 45. cxb3 axb3 46. Ra7 Be8 47. Rc7
Bc6 48. Bg5 Rg8 49. Ra7 Rh8 50. Ra3 Kc4 51. Ra6 Kb5 52. Ra3 Kc4 53. Ra5 Kb4 54.
Rc5 Bb5 55. Be7 Ka4 56. Rc7 Ra8 57. Ba3 Bc4 58. g4 Rh8 59. gxf5 exf5 60. Rf7 Rh3+
61. Kf2 Rh2+ 62. Kg3 Re2 63. Re7 Bd3 64. Ra7+ Kb5 65. Rc7 Be4 66. Rc3 Rg2+ 67.
Kh3 Ka4 68. Kh4 Bf3 69. Kh3 Be4 70. Kh4 Re2 71. Kg3 Rg2+ 72. Kh3 Re2 73. Kg3 Rg2+
74. Kh3 Rg1 75. Rc7 Re1 76. Rc3 Rg1 77. Kh2 Rg2+ 78. Kh3 Re2 79. Kg3 Rg2+ 80.
Kh3 Re2 81. Kg3 1/2-1/2

[Event "Druzynowe Mistrzostwa Polski Kobiet w Szachach Blyskawicznych"]
[Site "Piotrkow Trybunalski"]
[Date "1899-12-30"]
[Round "10.3"]
[White "Leks, Hanna"]
[Black "Korosciel, Aneta"]
[Result "0-1"]
[WhiteTitle "WIM"]
[BlackTitle "m"]
[WhiteElo "2189"]
[BlackElo "1944"]

1. e4 e5 2. Nf3 Nf6 3. Nxe5 d6 4. Nf3 Nxe4 5. Nc3 Nxc3 6. dxc3 Be7 7. Bc4 O-O 8.
Be3 Nc6 9. Qd2 Bg4 10. O-O-O Bf6 11. Bd5 Be6 12. h4 Re8 13. Bxe6 Rxe6 14. g4 Qd7
15. g5 Be5 16. Nd4 Bxd4 17. Bxd4 Nxd4 18. Qxd4 Rae8 19. Qxa7 b6 20. Qb7 Re2 21.
Rd2 Rxd2 22. Kxd2 Qf5 23. Kc1 Qf4+ 24. Kb1 Qxf2 25. b3 Qc5 26. c4 g6 27. Qg2 Qa3
28. c3 Qa5 29. Qc2 Re3 30. Kb2 Qe5 31. Rd1 Re2 32. Rd2 Re3 33. a4 Qf4 34. Rf2
0-1

[Event "Druzynowe Mistrzostwa Polski Kobiet w Szachach Blyskawicznych"]
[Site "Piotrkow Trybunalski"]
[Date "1899-12-30"]
[Round "10.4"]
[White "Szczepkowska, Karina"]
[Black "Szczepanik, Magdalena"]
[Result "1-0"]
[WhiteTitle "IM"]
[BlackTitle "II"]
[WhiteElo "2314"]
[BlackElo "1030"]

1. e4 e5 2. Nf3 Nc6 3. Bc4 h6 4. d4 exd4 5. Nxd4 Ne5 6. Bb3 Bc5 7. O-O Nf6 8. Nf5
O-O 9. Nc3 d6 10. Kh1 Neg4 11. Qf3 Re8 12. Ne3 Nxe3 13. Bxe3 Bb6 14. h3 Bxe3 15.
Qxe3 Re7 16. Rad1 Re8 17. e5 Nd7 18. e6 Rxe6 19. Bxe6 fxe6 20. Qxe6+ Kf8 21. Qf5+
Nf6 22. Qg6 Bd7 23. Nd5 Nxd5 24. Rxd5 Be8 25. Qh7 Qd7 1-0

[Event "Druzynowe Mistrzostwa Polski Kobiet w Szachach Blyskawicznych"]
[Site "Piotrkow Trybunalski"]
[Date "1899-12-30"]
[Round "10.5"]
[White "Lukasik, Zuzanna"]
[Black "Cieslak, Wiktoria"]
[Result "0-1"]
[WhiteTitle "I"]
[BlackTitle "k++"]
[WhiteElo "1437"]
[BlackElo "1876"]

1. e4 c5 2. Nf3 d6 3. c3 Nf6 4. Be2 Nc6 5. d3 e6 6. O-O Be7 7. Be3 O-O 8. Nbd2
Rb8 9. Nb3 b5 10. Rb1 a5 11. Qc2 a4 12. Nbd2 d5 13. Rfc1 dxe4 14. Nxe4 Nxe4 15.
dxe4 Qc7 16. b3 a3 17. Rd1 Bd7 18. Bd3 Ne5 19. Nxe5 Qxe5 20. f4 Qh5 21. Qf2 Bc6
22. e5 Rfc8 23. Be2 Qf5 24. Bd3 Be4 25. Qc2 Bxd3 26. Qxd3 Qh5 27. Re1 h6 28. Qd7
Kf8 29. Ra1 Rd8 30. Qc6 Qf5 31. Bxc5 Bxc5+ 32. Qxc5+ Kg8 33. Qxa3 Qxf4 34. Qb2
Rd2 35. Qc1 Qf2+ 36. Kh1 Qxg2# 0-1

[Event "Druzynowe Mistrzostwa Polski Kobiet w Szachach Blyskawicznych"]
[Site "Piotrkow Trybunalski"]
[Date "1899-12-30"]
[Round "10.6"]
[White "Kucharska, Honorata"]
[Black "Sokol, Maria"]
[Result "1-0"]
[WhiteTitle "WFM"]
[BlackTitle "I"]
[WhiteElo "1799"]
[BlackElo "1341"]

1. e4 c5 2. b3 e6 3. Bb2 Nc6 4. Bb5 Nf6 5. d3 Be7 6. Bxc6 bxc6 7. f4 d6 8. Nf3
Qc7 9. O-O Bb7 10. Nbd2 h6 11. Qe2 d5 12. e5 Nd7 13. h3 Qb6 14. Kh1 a5 15. a4
Qc7 16. Nh2 Nb6 17. f5 exf5 18. Rxf5 Bc8 19. Rf2 Be6 20. Ndf3 Nd7 21. Re1 O-O
22. Rff1 Rab8 23. Bc3 Ra8 24. Qf2 d4 25. Bd2 Bd5 26. Qg3 Kh8 27. Bf4 Qd8 28. Ng4
Bxf3 29. Qxf3 Kh7 30. Qe4+ g6 31. Bxh6 Rg8 32. Bd2 Bg5 33. Bxg5 Qxg5 34. Nf6+
Nxf6 35. exf6 Rac8 36. Rf4 Rge8 37. Rh4+ Qxh4 38. Qxh4+ Kg8 39. Rxe8+ Rxe8 40.
Qh6 1-0